000 00897nam0a22002291 4500
001 rc\852038
005 20250622020146.0
035 _a(NLR Aleph) 006032608
090 _a7544225
_c7544225
100 _a20041129d1984 |||y0rusy50 ca
101 0 _arus
102 _aRU
105 _aa |||||||||
200 1 _a1 сентября всенародный праздник - День знаний
_e[Сборник]
_fОтд. пропаганды и агитации Ленин. райкома КПСС г. Нальчика, Район. отд. нар. образования
210 _aНальчик
_cБ. и.
_d1984
215 _a31 с.
_cил., портр.
_d20
712 0 2 _aКПСС
_bНальчикская гор. организация
_bЛенинский район. ком.
801 0 _aRU
_bNLR
_gpsbo
801 1 _aRU
_bELAR
_2rusmarc
852 _aNLR
_j87-4/7024
942 _cBOOK
980 _aNB